Normal view
MARC view
- MaranGraphics Inc
Entry Corporate Name
001 - CONTROL NUMBER
- control field: 94409
003 - CONTROL NUMBER IDENTIFIER
- control field: NUST
005 - DATE AND TIME OF LATEST TRANSACTION
- control field: 20220721142142.0
008 - FIXED-LENGTH DATA ELEMENTS
- fixed length control field: 220721|| aca||aabn | a|a d
040 ## - CATALOGING SOURCE
- Original cataloging agency: NUST
- Transcribing agency: NUST
110 ## - HEADING--CORPORATE NAME
- Corporate name or jurisdiction name as entry element: MaranGraphics Inc
670 ## - SOURCE DATA FOUND
- Source citation: Work cat.: (NUST)179636: Maran, Ruth, 94407, Computers simplified /, c2000.
